00444cam a2200157ua 45000010005000000080039000050400009000440820015000531000026000682450086000942500009001802600039001893000023002286530014002516530021002651548110711n ii |||gr||||Z||||||eng cMAIN a330.9541621 aDhar, P. K.,eAuthor.1 aThe economy of assam : bincluding economy of north east india / cby P. K. Dhar  a3rd. aLudhiana:bKalyani Publishers,996. a382p:bill;c23cm. aEconomics aEconomy of assam